История и критика современных английских учений о нравствености (Запис номер 135961)
[ съкратено ]
| 000 -Лидер | |
|---|---|
| Контролно поле с фиксирана дължина | 02552nam a2200529 a 4500 |
| 003 - Код на организацията, давaща контролен номер | |
| Контролно поле | BLK |
| 005 - Дата и час на последна редакция | |
| Контролно поле | 20240606112754.0 |
| 008 - Елементи от данни с фиксирана дължина | |
| fixed length control field | 180409b bul|||||r ||||||| ||bul|| |
| 010 ## - Наследен системен номер | |
| LC control number | KNG00141896000 |
| 040 ## - Източник на каталожния запис | |
| Идентификатор на билиотеката - собственик на записа | BLK |
| 041 ## - Код за език | |
| Код за езика на текст/звукозапис или на отделно заглавие | Руски |
| Код за езика КДБФ | Руски |
| 072 #7 - Код за тематичната категория | |
| Код организация | bullib |
| Код за тематична категория | Ц |
| Текст | Редки и ценни |
| 080 ## - УДК | |
| Текстов определител УДК | Обща история на философията |
| УДК код - определител по УДК | 101(091) |
| УДК определител | (420)(092) |
| УДК - код + определител | 101(091)(420)(092) |
| 080 ## - УДК | |
| Текстов определител УДК | Природа на морала. Етични фактори |
| УДК код - определител по УДК | 17.02 |
| УДК определител | (420)(092) |
| УДК - код + определител | 17.02(420)(092) |
| 080 ## - УДК | |
| Текстов определител УДК | Биографии |
| УДК код - определител по УДК | 929 |
| УДК определител | (420) |
| УДК - код + определител | 929(420) |
| 100 1# - Редна дума - Автор | |
| Автор | Гюйо, Жан Мари |
| Авторска отговорност | първи автор |
| R(LIN) | 324550 |
| 139 ## - Редно поле | |
| Редна дума | Гюйо, Жан Мари |
| Авторски знак | Гю - Г 98 |
| 245 10 - Сведения за заглавието | |
| Заглавие | История и критика современных английских учений о нравствености |
| Подзаглавни данни | Соч. увенчанное Акад. Нравственных и Полит. Наук |
| Редно поле (дума) | Жан Мари Гюйо; пер. с фр. Н. Южин; ред. Г. Фальборк; ред. В. Чарнолуский. |
| 257 ## - Страна на издаване | |
| Страна на създаване/издаване | Франция |
| 260 ## - Област на издателските данни | |
| Година на издаване | 1898 |
| Печатница | С.-Петербург : типогр. И. М. Комелова |
| Място на издаване, разпространение и проч. | Санкт-Петербург |
| 300 ## - Физическа характеристика | |
| Страници | 460, ІІ с. |
| Размери/Мащаб | 21 см |
| 380 ## - Жанр | |
| Жанр | Философия |
| 490 ## - СЕРИИ (Колекции) | |
| 9 (RLIN) | 435080 |
| Име на серия | Колекция Редки и ценни издания |
| 500 ## - Общи забележки | |
| Забележка | Загл. Исторія и критика современныхъ англійскихъ ученій о нравственности. - Прев. по 2. изд. |
| 650 #4 - Допълнително описание по предмет – тема | |
| Основно описание – тема или топоним | Философия - история |
| 9 (RLIN) | 243382 |
| 650 #4 - Допълнително описание по предмет – тема | |
| Основно описание – тема или топоним | Философия, английска |
| 9 (RLIN) | 255324 |
| 650 #7 - Допълнително описание по предмет – тема | |
| Основно описание – тема или топоним | Философи, английски |
| Източник на редна или ключова дума | |
| 9 (RLIN) | 175456 |
| 650 #4 - Допълнително описание по предмет – тема | |
| Основно описание – тема или топоним | Нравствено възпитание |
| 9 (RLIN) | 279487 |
| 650 #4 - Допълнително описание по предмет – тема | |
| Основно описание – тема или топоним | Морал - философски проблеми |
| 9 (RLIN) | 252066 |
| 650 #4 - Допълнително описание по предмет – тема | |
| Основно описание – тема или топоним | Морал - критика |
| 9 (RLIN) | 252924 |
| 651 #4 - Допълнително описание по предмет - топоним | |
| Географско понятие | Великобритания |
| 9 (RLIN) | 178698 |
| 653 ## - Ключова дума – ненормативна | |
| Ключова дума | английска философия |
| 653 ## - Ключова дума – ненормативна | |
| Ключова дума | английски философи |
| 653 ## - Ключова дума – ненормативна | |
| Ключова дума | нравственост |
| 653 ## - Ключова дума – ненормативна | |
| Ключова дума | морал |
| 659 ## - Тематичен бюлетин | |
| Тематичен бюлетин | Ц |
| 700 1# - Други автори (авторска отговорност) | |
| Лично име | Южин, Н. |
| Автороска отговорност (Описва отношението между автора и произведението) | пер. с фр. |
| 9 (RLIN) | 144896 |
| 700 1# - Други автори (авторска отговорност) | |
| Лично име | Фальборк, Г. |
| Автороска отговорност (Описва отношението между автора и произведението) | ред. |
| 9 (RLIN) | 133440 |
| 700 1# - Други автори (авторска отговорност) | |
| Лично име | Чарнолуский, В. |
| Автороска отговорност (Описва отношението между автора и произведението) | ред. |
| 9 (RLIN) | 141078 |
| 852 ## - Местоположение | |
| Форматна сигнатура | Рр 898 |
| Фондова буква | Редки и ценни |
| 856 4# - Електронен адрес и достъп | |
| Електронен формат | pdf - файл |
| 856 4# - Електронен адрес и достъп | |
| Електронен формат | pdf - файл |
| 999 ## - СИСТЕМНИ КОНТРОЛНИ НОМЕРА | |
| Koha biblionumber | 135961 |
| Koha biblioitemnumber | 135961 |
| 942 ## - АРТИКУЛИ | |
| Вид на библиотечния материал | Книги |
| Скрит в OPAC | Не |
| Периодичен библиозапис | Да |
| 944 ## - СЪЗДАВАНЕ И РЕДАКЦИЯ на ЗАПИСА | |
| Създаване/Редакция | Създаване |
| Дата на регистрацията/редакция | 11.04.2013 |
| Статус, дата на статуса | Геновева Генчева |
| Служител, извършил регистрацията/редакцията | 30560 |
| 944 ## - СЪЗДАВАНЕ И РЕДАКЦИЯ на ЗАПИСА | |
| Създаване/Редакция | Редакция |
| Дата на регистрацията/редакция | 11.04.2013 |
| Статус, дата на статуса | 11.04.2013 - от С1,Р / 11.04.2013 |
| 999 ## - СИСТЕМНИ КОНТРОЛНИ НОМЕРА | |
| Koha biblioitemnumber | 135961 |
| Код за отписване | Код за изгубен артикул | Източник на класификационната схема | Код за повреда | Коз за рестрикции | Код за отдаване | Артикулен № | Име на библиотеката - собственик | Име на библиотеката, в която се намира в момента | Статус (Текущо местоположение) | Дата на вписване в системата | Местоположение - отдел | Цена в лева | Инвентарен номер | Систематично азбучна сигнатура | Баркод | Номер на екземпляра | Цена в евро | Служебна бележка | Служебен тип на артикула |
|---|---|---|---|---|---|---|---|---|---|---|---|---|---|---|---|---|---|---|---|
| Не е изгубен | Universal Decimal Classification | Не е повреден | само за читалня | Специални фондове ( старопечатни, редки и ценни, фонд М. Арнаудов) | 222244 | Регионална библиотека "Любен Каравелов" Русе | Регионална библиотека "Любен Каравелов" Русе | Редки и ценни | 1898-01-01 | Редки и ценни | 0.37 | 15768 | Рр 898 | 900000037583 | 1 | 0.19 | N: стар фонд Дата: 01.01.1898 Дата инв: 02.04.2018 Бележки инв: Рц2018 | Книги |